[Event "Plzen Calliditas op"]
[Site "Plzen"]
[Date "2023.08.24"]
[Round "7"]
[White "Velickov, Dominik"]
[Black "Hlavac, Rudolf"]
[Result "1/2-1/2"]
[WhiteElo "1376"]
[BlackElo "1856"]
[PlyCount "100"]
[EventDate "2023.08.19"]
[EventType "swiss"]
[EventRounds "9"]
[EventCountry "CZE"]
[SourceTitle "EXT 2024"]
[Source "ChessBase"]
[SourceDate "2023.10.10"]
[SourceVersion "1"]
[SourceVersionDate "2023.10.10"]
[SourceQuality "1"]

1. e4 c5 2. Nf3 Nc6 3. d4 cxd4 4. Nxd4 Nf6 5. Nc3 e5 6. Ndb5 d6 7. Bg5 a6 8. Na3 b5 9. Nd5 Be7 10. Bxf6 gxf6 11. Bd3 Be6 12. 0-0 f5 13. c4 Nd4 14. Qh5 Bxd5 15. cxd5 f4 16. Nc2 Nxc2 17. Bxc2 0-0 18. Bd1 f5 19. exf5 Bf6 20. Rb1 Kh8 21. Bf3 Ra7 22. Be4 Rc7 23. Rbc1 b4 24. Rfd1 Rxc1 25. Rxc1 Qa5 26. Qh6 Kg8 27. g4 fxg3 28. hxg3 Qd8 29. Kg2 a5 30. b3 Qe7 31. Qh5 Ra8 32. Qd1 Qd7 33. Rc6 Kh8 34. Qc2 Bd8 35. f6 Qf7 36. Rxd6 Bxf6 37. Qc6 Rf8 38. Rd7 Be7 39. f3 Rg8 40. d6 Rxg3+ 41. Kxg3 Qf4+ 42. Kh3 Qh6+ 43. Kg2 Qd2+ 44. Kf1 Qd1+ 45. Kg2 Qd2+ 46. Kh3 Qh6+ 47. Kg2 Qd2+ 48. Kh1 Qd1+ 49. Kh2 Qd2+ 50. Kh3 Qh6+ 1/2-1/2

[Event "Klatovy op-C 29th"]
[Site "Klatovy"]
[Date "2023.07.06"]
[Round "6"]
[White "Baumruk, Josef"]
[Black "Hlavac, Rudolf"]
[Result "1/2-1/2"]
[WhiteElo "1947"]
[BlackElo "1845"]
[PlyCount "108"]
[EventDate "2023.07.01"]
[EventType "swiss"]
[EventRounds "9"]
[EventCountry "CZE"]
[SourceTitle "CBM 215 Extra"]
[Source "ChessBase"]
[SourceDate "2023.09.30"]
[SourceVersion "1"]
[SourceVersionDate "2023.09.30"]
[SourceQuality "1"]

1. c4 Nf6 2. Nc3 d5 3. cxd5 Nxd5 4. g3 c5 5. Bg2 Nc7 6. Nf3 Nc6 7. 0-0 e5 8. b3 Be7 9. Bb2 0-0 10. Rc1 f6 11. e3 Bg4 12. h3 Bh5 13. g4 Bg6 14. Ne2 Bd3 15. Ne1 Bxe2 16. Qxe2 Qd7 17. Ba3 Ne6 18. Qc4 Kh8 19. Rc3 Rad8 20. Rd3 Qc8 21. Be4 a6 22. Bf5 Rxd3 23. Nxd3 Ncd8 24. Bxc5 Bxc5 25. Rc1 g6 26. Bxe6 Nxe6 27. Nxc5 Ng5 28. Ne4 Nxh3+ 29. Kg2 Qxg4+ 30. Ng3 Qxc4 31. Rxc4 Ng5 32. d4 exd4 33. Rxd4 Rf7 34. Ne4 Nxe4 35. Rxe4 f5 36. Re6 Kg7 37. b4 h5 38. a4 Kh6 39. Kg3 Rc7 40. Rb6 Kg5 41. f4+ Kh6 42. a5 Re7 43. Kf3 h4 44. b5 axb5 45. Rxb5 Rc7 46. Rb3 g5 47. Rb6+ Kh5 48. fxg5 Kxg5 49. a6 bxa6 50. Rxa6 Re7 51. Ra8 Re6 52. Rg8+ Rg6 53. Rxg6+ Kxg6 54. e4 fxe4+ 1/2-1/2

[Event "CZE-ch Youth"]
[Site "Teplice"]
[Date "2023.03.11"]
[Round "1"]
[White "Mrkvan, Frantisek"]
[Black "Hlavac, Rudolf"]
[Result "0-1"]
[WhiteElo "1727"]
[BlackElo "1985"]
[PlyCount "106"]
[EventDate "2023.03.11"]
[EventType "tourn"]
[EventRounds "9"]
[EventCountry "CZE"]
[SourceTitle "CBM 213 Extra"]
[Source "ChessBase"]
[SourceDate "2023.05.31"]
[SourceVersion "1"]
[SourceVersionDate "2023.05.31"]
[SourceQuality "1"]

1. e4 c5 2. Nc3 Nc6 3. Bb5 Na5 4. Be2 Nc6 5. Bb5 Na5 6. Be2 a6 7. f4 b5 8. Nf3 Bb7 9. d3 e6 10. 0-0 Be7 11. Qe1 Nc6 12. Kh1 Nd4 13. Nxd4 cxd4 14. Nb1 Qc7 15. c3 dxc3 16. Nxc3 b4 17. Nd1 Nf6 18. b3 0-0 19. Bb2 Rac8 20. Ne3 a5 21. h3 d6 22. Bf3 Qb6 23. g4 Rfd8 24. Qd2 Ne8 25. g5 Nc7 26. h4 Nb5 27. Rac1 Qa6 28. f5 exf5 29. Nxf5 Bf8 30. Qe3 d5 31. e5 Qe6 32. Bg2 d4 33. Qf4 Bxg2+ 34. Kxg2 Nc3 35. Bxc3 dxc3 36. d4 Rc6 37. Kh2 a4 38. bxa4 Qxa2+ 39. Kg1 Qd5 40. Rce1 g6 41. Nd6 Rcxd6 42. exd6 Bxd6 43. Qf6 Bf8 44. Rd1 Bg7 45. Qa6 Bxd4+ 46. Kh2 Qe5+ 47. Kh1 Qe4+ 48. Kh2 Qxh4+ 49. Kg2 Qxg5+ 50. Kh2 Be5+ 51. Kh1 Qh4+ 52. Kg2 Qg3+ 53. Kh1 Qh2# 0-1

[Event "Ceske Budejovice op-A"]
[Site "Ceske Budejovice"]
[Date "2022.07.09"]
[Round "9"]
[White "Hlavac, Rudolf"]
[Black "Hrbek, Jachym"]
[Result "0-1"]
[WhiteElo "1931"]
[BlackElo "1695"]
[PlyCount "108"]
[EventDate "2022.07.01"]
[EventType "swiss"]
[EventRounds "9"]
[EventCountry "CZE"]
[SourceTitle "CBM 209 Extra"]
[Source "ChessBase"]
[SourceDate "2022.09.30"]
[SourceVersion "1"]
[SourceVersionDate "2022.09.30"]
[SourceQuality "1"]

1. e4 e5 2. Nf3 Nf6 3. Nxe5 d6 4. Nf3 Nxe4 5. d4 d5 6. Bd3 Nd6 7. 0-0 Be7 8. Ne5 0-0 9. Nc3 c6 10. Bf4 Nd7 11. Re1 f5 12. f3 Nf6 13. Na4 Nh5 14. Be3 Bg5 15. Qd2 Bxe3+ 16. Qxe3 f4 17. Qf2 Qg5 18. b3 Bf5 19. Nc5 Rfe8 20. Bxf5 Qxf5 21. g4 fxg3 22. hxg3 Nf6 23. Kg2 Rf8 24. Re2 Rae8 25. Rae1 g5 26. Qe3 g4 27. Ncd3 gxf3+ 28. Qxf3 Qxf3+ 29. Nxf3 Rxe2+ 30. Rxe2 Nfe4 31. Nf2 Kg7 32. Nxe4 Nxe4 33. c4 h6 34. a3 Rf6 35. Re3 Rf5 36. b4 Rf6 37. c5 Re6 38. Ne5 Rf6 39. Nf3 Re6 40. a4 Nxc5 41. Ra3 Ne4 42. b5 c5 43. dxc5 Nxc5 44. Rc3 b6 45. a5 Re4 46. axb6 axb6 47. Rc2 d4 48. Rd2 d3 49. Rd1 Kf6 50. Rh1 Re2+ 51. Kf1 Kg7 52. Rh4 Ne4 53. Rg4+ Kf6 54. Ne1 Nd2+ 0-1

[Event "Ceske Budejovice op-A"]
[Site "Ceske Budejovice"]
[Date "2022.07.07"]
[Round "7"]
[White "Hlavac, Rudolf"]
[Black "Steinbauer, Sebastian"]
[Result "1-0"]
[WhiteElo "1931"]
[BlackElo "1808"]
[PlyCount "59"]
[EventDate "2022.07.01"]
[EventType "swiss"]
[EventRounds "9"]
[EventCountry "CZE"]
[SourceTitle "CBM 209 Extra"]
[Source "ChessBase"]
[SourceDate "2022.09.30"]
[SourceVersion "1"]
[SourceVersionDate "2022.09.30"]
[SourceQuality "1"]

1. e4 e5 2. Nf3 Nf6 3. Nxe5 d6 4. Nf3 Nxe4 5. d4 d5 6. Bd3 Bg4 7. Qe2 f5 8. h3 Bh5 9. g4 Bg6 10. Ne5 Be7 11. Bxe4 fxe4 12. Qb5+ Nd7 13. Nxg6 hxg6 14. Nc3 Bg5 15. Qxd5 Bxc1 16. Qxe4+ Kf7 17. Qd5+ Kf8 18. Rxc1 Qe7+ 19. Kd2 Rd8 20. Rce1 Qb4 21. Kc1 c6 22. Qe6 Nf6 23. a3 Qxd4 24. Qe7+ Kg8 25. Qxb7 Kh7 26. Re7 Rhg8 27. Qxa7 Qd2+ 28. Kb1 Rb8 29. Rxg7+ Rxg7 30. Qxb8 1-0

[Event "Ceske Budejovice op-A"]
[Site "Ceske Budejovice"]
[Date "2022.07.06"]
[Round "6"]
[White "Prazak, Daniel"]
[Black "Hlavac, Rudolf"]
[Result "1-0"]
[WhiteElo "2113"]
[BlackElo "1931"]
[PlyCount "49"]
[EventDate "2022.07.01"]
[EventType "swiss"]
[EventRounds "9"]
[EventCountry "CZE"]
[SourceTitle "CBM 209 Extra"]
[Source "ChessBase"]
[SourceDate "2022.09.30"]
[SourceVersion "1"]
[SourceVersionDate "2022.09.30"]
[SourceQuality "1"]

1. Nf3 c5 2. e4 Nc6 3. Nc3 e5 4. Bc4 Be7 5. d3 d6 6. 0-0 Nf6 7. Ng5 0-0 8. f4 Bg4 9. Qe1 Nd4 10. fxe5 dxe5 11. Qh4 h6 12. Nxf7 Rxf7 13. Bxf7+ Kxf7 14. Qxg4 Nxc2 15. Rb1 Qd4+ 16. Kh1 Qxd3 17. Rf3 Qd6 18. Qh5+ Kg8 19. Qg6 Nh7 20. Nd5 Bf8 21. Qf7+ Kh8 22. Bxh6 gxh6 23. Rg3 Ng5 24. Rxg5 hxg5 25. Nf6 1-0

[Event "Ceske Budejovice op-A"]
[Site "Ceske Budejovice"]
[Date "2022.07.04"]
[Round "4"]
[White "Travnicek, Jaroslav1111"]
[Black "Hlavac, Rudolf"]
[Result "0-1"]
[WhiteElo "1730"]
[BlackElo "1931"]
[PlyCount "72"]
[EventDate "2022.07.01"]
[EventType "swiss"]
[EventRounds "9"]
[EventCountry "CZE"]
[SourceTitle "CBM 209 Extra"]
[Source "ChessBase"]
[SourceDate "2022.09.30"]
[SourceVersion "1"]
[SourceVersionDate "2022.09.30"]
[SourceQuality "1"]

1. e4 c5 2. c3 d5 3. exd5 Qxd5 4. d4 Nf6 5. Nf3 e6 6. Be2 Nc6 7. 0-0 cxd4 8. cxd4 Be7 9. Nc3 Qd6 10. Nb5 Qd8 11. Bf4 Nd5 12. Bg3 a6 13. Nc3 0-0 14. Qd2 b5 15. a3 Bb7 16. b4 Nxc3 17. Qxc3 Rc8 18. Qd3 Bf6 19. Rfd1 Ne7 20. Bf4 Ng6 21. Be3 Qd6 22. Rac1 Nf4 23. Bxf4 Qxf4 24. Qe3 Qe4 25. Qxe4 Bxe4 26. Kf1 Rfd8 27. Ke1 g6 28. Kf1 h5 29. Rc5 Be7 30. Rcc1 Kg7 31. Ke1 Bc2 32. Rd2 Bb3 33. Rb1 Bd5 34. Rdd1 Rc3 35. Ra1 Rxa3 36. Rab1 Ra4 0-1

[Event "Ceske Budejovice op"]
[Site "Ceske Budejovice"]
[Date "2021.07.04"]
[Round "4"]
[White "Paldus, Jan"]
[Black "Hlavac, Rudolf"]
[Result "0-1"]
[WhiteElo "1698"]
[BlackElo "1999"]
[PlyCount "78"]
[EventDate "2021.07.01"]
[EventType "swiss"]
[EventRounds "9"]
[EventCountry "CZE"]
[SourceTitle "CBM 203 Extra"]
[Source "ChessBase"]
[SourceDate "2021.09.30"]
[SourceVersion "1"]
[SourceVersionDate "2021.09.30"]
[SourceQuality "1"]

1. e4 c5 2. Nf3 Nc6 3. d4 cxd4 4. Nxd4 Nf6 5. Nc3 e5 6. Ndb5 d6 7. Bg5 a6 8. Na3 b5 9. Bxf6 gxf6 10. Nd5 Bg7 11. Bd3 Ne7 12. Nxe7 Qxe7 13. c3 f5 14. Qe2 f4 15. Nc2 0-0 16. a4 bxa4 17. Rxa4 a5 18. f3 Be6 19. 0-0 Rfb8 20. Rb1 Qd7 21. Raa1 Qc6 22. Na3 Bf6 23. Kf1 Bd8 24. Kg1 Bb6+ 25. Kh1 Bc5 26. Bb5 Qc7 27. c4 Kh8 28. Nc2 Rg8 29. b3 Qd8 30. Qd2 Qh4 31. b4 axb4 32. Rxa8 Rxa8 33. Nxb4 Rg8 34. Nd3 Bd4 35. Rd1 Be3 36. Qe1 Qh5 37. Qa5 Rxg2 38. Qd8+ Kg7 39. Kxg2 Qh3+ 0-1

[Event "Ceske Budejovice op-A"]
[Site "Ceske Budejovice"]
[Date "2020.07.07"]
[Round "7"]
[White "Toman, Jan"]
[Black "Hlavac, Rudolf"]
[Result "1-0"]
[WhiteElo "2061"]
[BlackElo "1980"]
[PlyCount "77"]
[EventDate "2020.07.01"]
[EventType "swiss"]
[EventRounds "9"]
[EventCountry "CZE"]
[SourceTitle "CBM 197 Extra"]
[Source "ChessBase"]
[SourceDate "2020.09.30"]
[SourceVersion "1"]
[SourceVersionDate "2020.09.30"]
[SourceQuality "1"]

1. d4 Nf6 2. c4 g6 3. Nc3 d5 4. cxd5 Nxd5 5. Bd2 Nb6 6. Nf3 Bg7 7. Bg5 h6 8. Bh4 Nc6 9. e3 0-0 10. Be2 Be6 11. 0-0 a6 12. Ne4 Bc4 13. Nc5 Bxe2 14. Qxe2 Rb8 15. Rac1 Qe8 16. Rfd1 e5 17. d5 Nb4 18. e4 Nxa2 19. Ra1 Nb4 20. Rdc1 f5 21. Ne6 Rf7 22. exf5 N4xd5 23. fxg6 Rf5 24. Nxg7 Kxg7 25. Bg3 Nd7 26. Qe4 Rxf3 27. Qxf3 c6 28. Re1 Qxg6 29. Bxe5+ Nxe5 30. Rxe5 Rf8 31. Qe4 Qf6 32. Rf1 Rf7 33. Re6 Qg5 34. Qd4+ Nf6 35. Rfe1 Kf8 36. Re8+ Kg7 37. R8e7 Qg6 38. h3 Kf8 39. Qd8+ 1-0

[Event "Ceske Budejovice op-A"]
[Site "Ceske Budejovice"]
[Date "2020.07.06"]
[Round "6"]
[White "Hlavac, Rudolf"]
[Black "Hurtik, Matej"]
[Result "1-0"]
[WhiteElo "1980"]
[BlackElo "2047"]
[PlyCount "109"]
[EventDate "2020.07.01"]
[EventType "swiss"]
[EventRounds "9"]
[EventCountry "CZE"]
[SourceTitle "CBM 197 Extra"]
[Source "ChessBase"]
[SourceDate "2020.09.30"]
[SourceVersion "1"]
[SourceVersionDate "2020.09.30"]
[SourceQuality "1"]

1. e4 c5 2. Nf3 Nc6 3. d4 cxd4 4. Nxd4 g6 5. c4 Bg7 6. Be3 Nf6 7. Nc3 0-0 8. Be2 d6 9. 0-0 Bd7 10. Rc1 Nxd4 11. Bxd4 Bc6 12. f3 a5 13. b3 Nd7 14. Be3 Nc5 15. Qd2 Qb6 16. Rfd1 Rfc8 17. Rb1 Qd8 18. Bf1 Qf8 19. Rbc1 h5 20. g3 Kh7 21. Bh3 Rd8 22. Qc2 b6 23. Nd5 Rab8 24. Qf2 Bh6 25. Rc2 Bxe3 26. Qxe3 b5 27. cxb5 Rxb5 28. Qg5 Bxd5 29. Rxd5 a4 30. bxa4 Rb4 31. Qd2 Rdb8 32. e5 Nxa4 33. exd6 exd6 34. Rxd6 Rb1+ 35. Bf1 Rc8 36. Rd7 Nc5 37. Rd5 Ne6 38. Kg2 Rxc2 39. Qxc2 Qb4 40. Rxh5+ Kg7 41. Rb5 Qxb5 42. Bxb5 Rxb5 43. Qc3+ Kg8 44. a4 Rc5 45. Qd2 Rc4 46. a5 Ra4 47. Qd5 Nd4 48. g4 Ne6 49. Kg3 Ra3 50. h4 Ra1 51. Qe5 Ra4 52. Qc3 Nf4 53. Qc8+ Kg7 54. a6 g5 55. hxg5 1-0

[Event "Harrachov op"]
[Site "Prichovice"]
[Date "2019.10.31"]
[Round "7"]
[White "Stanek, Ondrej1111"]
[Black "Hlavac, Rudolf"]
[Result "0-1"]
[WhiteElo "2063"]
[BlackElo "1957"]
[PlyCount "44"]
[EventDate "2019.10.26"]
[EventType "swiss"]
[EventRounds "9"]
[EventCountry "CZE"]
[SourceTitle "CBM 192 Extra"]
[Source "Chessbase"]
[SourceDate "2019.11.06"]
[SourceVersion "1"]
[SourceVersionDate "2019.11.06"]
[SourceQuality "1"]

1. e4 c5 2. Nf3 Nc6 3. Bb5 Na5 4. 0-0 a6 5. Be2 b5 6. d4 cxd4 7. Nxd4 Bb7 8. e5 e6 9. a4 b4 10. f4 Bc5 11. Kh1 Ne7 12. Be3 Qc7 13. Nd2 Rc8 14. N2b3 Nxb3 15. cxb3 0-0 16. Rc1 Qb6 17. f5 exf5 18. Nxf5 Nxf5 19. Bxc5 Rxc5 20. Rxc5 Bxg2+ 21. Kg1 Qxc5+ 22. Rf2 Bc6 0-1

[Event "Harrachov op"]
[Site "Prichovice"]
[Date "2019.10.29"]
[Round "4"]
[White "Hlavac, Rudolf"]
[Black "Petr, Jakub"]
[Result "0-1"]
[WhiteElo "1957"]
[BlackElo "2288"]
[PlyCount "52"]
[EventDate "2019.10.26"]
[EventType "swiss"]
[EventRounds "9"]
[EventCountry "CZE"]
[SourceTitle "CBM 192 Extra"]
[Source "Chessbase"]
[SourceDate "2019.11.06"]
[SourceVersion "1"]
[SourceVersionDate "2019.11.06"]
[SourceQuality "1"]

1. e4 c5 2. Nf3 Nc6 3. d4 cxd4 4. Nxd4 Nf6 5. Nc3 e5 6. Nf5 d5 7. exd5 Bxf5 8. dxc6 Qxd1+ 9. Nxd1 bxc6 10. Ne3 Be6 11. Bc4 Nd5 12. 0-0 Nxe3 13. Bxe6 Nxf1 14. Bc4 Nxh2 15. Kxh2 Bd6 16. Be3 Ke7 17. Re1 Rhd8 18. c3 Rd7 19. b4 a5 20. b5 cxb5 21. Bxb5 Rc7 22. c4 Bc5 23. Bg5+ f6 24. Bh4 g5 25. Bg3 h5 26. Kg1 Rd8 0-1

[Event "Harrachov op"]
[Site "Prichovice"]
[Date "2019.10.27"]
[Round "2"]
[White "Hlavac, Rudolf"]
[Black "Hlavacek, Tomas"]
[Result "0-1"]
[WhiteElo "1957"]
[BlackElo "2157"]
[PlyCount "140"]
[EventDate "2019.10.26"]
[EventType "swiss"]
[EventRounds "9"]
[EventCountry "CZE"]
[SourceTitle "CBM 192 Extra"]
[Source "Chessbase"]
[SourceDate "2019.11.06"]
[SourceVersion "1"]
[SourceVersionDate "2019.11.06"]
[SourceQuality "1"]

1. e4 e5 2. Nf3 Nc6 3. Bb5 a6 4. Ba4 Nf6 5. d4 exd4 6. 0-0 Be7 7. Re1 b5 8. e5 Nxe5 9. Nxe5 bxa4 10. Qxd4 Rb8 11. Qxa4 Rb4 12. Qa5 0-0 13. a3 Rb6 14. Nd2 Bb7 15. Ndc4 Re6 16. Bg5 h6 17. Bh4 g5 18. Bg3 Ne4 19. Rad1 d6 20. f3 Nxg3 21. hxg3 Bf6 22. Ng4 Rxe1+ 23. Rxe1 Bg7 24. c3 d5 25. Nce5 Qd6 26. Qb4 Qxb4 27. axb4 Re8 28. Nd3 Rxe1+ 29. Nxe1 Kf8 30. Nd3 Ke8 31. Ne3 Bf8 32. Kf2 h5 33. Nf5 Bc8 34. Nd4 f6 35. Nb3 Kd7 36. Nbc5+ Kc6 37. Nb3 Kb5 38. Nd4+ Kb6 39. Ke3 a5 40. bxa5+ Kxa5 41. Nc6+ Kb6 42. Ncb4 Bb7 43. Nc2 Bc8 44. Nd4 c5 45. Ne2 Kb5 46. Nf2 Kc4 47. Kd2 Bd6 48. Nd3 Bf5 49. Ndc1 d4 50. b3+ Kd5 51. c4+ Kc6 52. Nd3 Be6 53. Nf2 f5 54. f4 g4 55. Nd3 Kb6 56. Nec1 Bc8 57. Ne5 Bb7 58. Nd7+ Ka5 59. Nf6 h4 60. Nd5 h3 61. gxh3 gxh3 62. Nd3 h2 63. Nf2 Bxd5 64. cxd5 Kb4 65. Kc2 c4 66. bxc4 Kxc4 67. Kd2 Bb4+ 68. Ke2 d3+ 69. Kf1 Bc5 70. Nh1 Kxd5 0-1

[Event "Klatovy op-A 24th"]
[Site "Klatovy"]
[Date "2018.07.05"]
[Round "6"]
[White "Hlavac, Rudolf"]
[Black "Dolansky, Lukas"]
[Result "1/2-1/2"]
[WhiteElo "1987"]
[BlackElo "2184"]
[PlyCount "112"]
[EventDate "2018.06.30"]
[EventType "swiss"]
[EventRounds "9"]
[EventCountry "CZE"]
[SourceTitle "EXT 2019"]
[Source "ChessBase"]
[SourceDate "2018.10.10"]
[SourceVersion "1"]
[SourceVersionDate "2018.10.10"]
[SourceQuality "1"]

1. e4 e5 2. Nf3 Nc6 3. Bb5 d6 4. d4 Bd7 5. 0-0 Nf6 6. Nc3 Be7 7. Re1 exd4 8. Nxd4 0-0 9. Bxc6 bxc6 10. Bg5 Re8 11. Qf3 Rb8 12. Rab1 h6 13. Bh4 Nh7 14. Bxe7 Qxe7 15. h3 Rb4 16. Nf5 Qf6 17. a3 Rb7 18. b4 a5 19. Red1 axb4 20. axb4 Reb8 21. b5 Bxf5 22. exf5 cxb5 23. Nd5 Qd8 24. Nb4 Qh4 25. Nc6 Ng5 26. Qd5 Re8 27. Ne7+ Rxe7 28. Qxb7 Re2 29. Rf1 Ne4 30. Rb4 Re1 31. Rxe4 Qxe4 32. Qxb5 Rxf1+ 33. Kxf1 Qxc2 34. g3 Qe4 35. Qb8+ Kh7 36. Qxc7 Qxf5 37. Qxd6 Qxh3+ 38. Kg1 Qf5 39. Qc6 h5 40. Qc4 g6 41. Qh4 Qe5 42. Qc4 Kg7 43. Qh4 f5 44. Qg5 Qf6 45. Qf4 g5 46. Qf3 h4 47. gxh4 gxh4 48. Kh2 Kh6 49. Kh3 Qg5 50. Qe2 Kg7 51. Qc4 Qg1 52. Qxh4 Kf7 53. Qc4+ Kf6 54. Qd4+ Ke6 55. Qe3+ Kd5 56. Qd3+ Ke6 1/2-1/2

[Event "Regionalliga Nord-Ost 1718"]
[Site "Bayern"]
[Date "2017.12.10"]
[Round "4.2"]
[White "Ammon, Tobias"]
[Black "Hlavac, Rudolf"]
[Result "1-0"]
[WhiteElo "2161"]
[BlackElo "1926"]
[PlyCount "103"]
[EventDate "2017.10.22"]
[EventType "team-tourn"]
[EventRounds "9"]
[EventCountry "GER"]
[SourceTitle "EXT 2022"]
[Source "ChessBase"]
[SourceDate "2021.10.06"]
[SourceVersion "1"]
[SourceVersionDate "2021.10.06"]
[SourceQuality "1"]
[WhiteTeam "Altensittenbach"]
[BlackTeam "Weiden"]
[WhiteTeamCountry "GER"]
[BlackTeamCountry "GER"]

1. e4 c5 2. Nf3 Nc6 3. c3 d5 4. exd5 Qxd5 5. d4 Nf6 6. Be2 e6 7. 0-0 Be7 8. Be3 cxd4 9. cxd4 0-0 10. Nc3 Qd6 11. Rc1 Nd5 12. Nxd5 exd5 13. Qb3 b6 14. Rc3 Bb7 15. Rfc1 Rfc8 16. a3 Bf6 17. Qd1 h6 18. Bd3 Ne7 19. Bb1 Rxc3 20. Rxc3 Rc8 21. Qc1 Rxc3 22. Qxc3 Bc8 23. Ne5 Bxe5 24. dxe5 Qc6 25. Qxc6 Nxc6 26. f4 Kf8 27. Bd3 h5 28. b4 g6 29. Kf2 Ke7 30. Ke2 Ke6 31. Bf2 Bb7 32. g3 Ne7 33. Kd2 Bc6 34. b5 Bb7 35. Kc3 Nc8 36. a4 Ba8 37. Kb4 Bb7 38. Kc3 Ne7 39. Kb4 Nc8 40. Bd4 Ba8 41. a5 Bb7 42. a6 Ba8 43. Kc3 Ne7 44. Bf1 Nf5 45. Bh3 Ke7 46. Bxf5 gxf5 47. Kd3 Kd7 48. Ke3 Ke6 49. Kf3 Kd7 50. h3 Ke6 51. g4 h4 52. Kf2 1-0

[Event "Regionalliga Nord-Ost 1718"]
[Site "Bayern"]
[Date "2017.11.12"]
[Round "2.2"]
[White "Just, Hannes"]
[Black "Hlavac, Rudolf"]
[Result "1/2-1/2"]
[WhiteElo "2065"]
[BlackElo "1926"]
[PlyCount "85"]
[EventDate "2017.10.22"]
[EventType "team-tourn"]
[EventRounds "9"]
[EventCountry "GER"]
[SourceTitle "EXT 2022"]
[Source "ChessBase"]
[SourceDate "2021.10.06"]
[SourceVersion "1"]
[SourceVersionDate "2021.10.06"]
[SourceQuality "1"]
[WhiteTeam "Nuernberg Sued SW II"]
[BlackTeam "Weiden"]
[WhiteTeamCountry "GER"]
[BlackTeamCountry "GER"]

1. Nf3 Nf6 2. g3 g6 3. Bg2 Bg7 4. d4 d5 5. c4 dxc4 6. Qa4+ Nbd7 7. Qxc4 Nb6 8. Qc2 Bf5 9. Qd1 c5 10. Nc3 Ne4 11. Be3 Nxc3 12. bxc3 Be4 13. 0-0 0-0 14. dxc5 Nd5 15. Bd4 Nxc3 16. Bxc3 Bxc3 17. Rc1 Bf6 18. Qb3 Qa5 19. Nh4 Bxg2 20. Nxg2 Qa6 21. Nf4 e6 22. Rc4 Rfd8 23. Nd3 Rd7 24. a4 Rc8 25. c6 Rxc6 26. Nc5 Rxc5 27. Rxc5 Qxe2 28. Rc2 Qe4 29. Rc4 Bd4 30. Qb5 Rd8 31. Rc7 Bb6 32. Rcc1 h5 33. a5 Bd4 34. Qg5 Qd5 35. Qe7 Qxa5 36. Rc7 Rf8 37. Rxb7 Qf5 38. Qd7 Bb6 39. Qc6 Rd8 40. Kg2 h4 41. gxh4 Qg4+ 42. Kh1 Qxh4 43. Qf3 1/2-1/2

[Event "CZE-chT2A 1718"]
[Site "Czech Republic"]
[Date "2017.11.05"]
[Round "2.8"]
[White "Hlavac, Rudolf"]
[Black "Tichy, Lukas"]
[Result "1-0"]
[WhiteElo "1951"]
[BlackElo "1946"]
[PlyCount "71"]
[EventDate "2017.10.15"]
[EventType "team-tourn"]
[EventRounds "11"]
[EventCountry "CZE"]
[SourceTitle "EXT 2022"]
[Source "ChessBase"]
[SourceDate "2021.10.06"]
[SourceVersion "1"]
[SourceVersionDate "2021.10.06"]
[SourceQuality "1"]
[WhiteTeam "Sokolov"]
[BlackTeam "Udlice"]
[WhiteTeamCountry "CZE"]
[BlackTeamCountry "CZE"]

1. e4 c5 2. Nf3 d6 3. d4 cxd4 4. Qxd4 Nc6 5. Bb5 Bd7 6. Bxc6 Bxc6 7. c4 Nf6 8. Nc3 g6 9. 0-0 Bg7 10. Qd3 0-0 11. Nd4 Rc8 12. Rd1 Nd7 13. Be3 Ne5 14. Qe2 Bd7 15. b3 Ng4 16. Bg5 h6 17. Bh4 g5 18. Bg3 Ne5 19. f3 Ng6 20. Qd2 Qa5 21. Rac1 h5 22. Bf2 h4 23. Be3 g4 24. Qf2 Qh5 25. f4 f5 26. g3 e5 27. Nxf5 Bxf5 28. exf5 hxg3 29. hxg3 exf4 30. fxg6 fxe3 31. Qxe3 Rce8 32. Ne4 Rf3 33. Nf6+ Bxf6 34. Qxe8+ Kg7 35. Qf7+ Kh8 36. g7+ 1-0

[Event "CZE-chT2A 1718"]
[Site "Czech Republic"]
[Date "2017.10.15"]
[Round "1.8"]
[White "Musil, Miroslav"]
[Black "Hlavac, Rudolf"]
[Result "0-1"]
[WhiteElo "2053"]
[BlackElo "1951"]
[PlyCount "104"]
[EventDate "2017.10.15"]
[EventType "team-tourn"]
[EventRounds "11"]
[EventCountry "CZE"]
[SourceTitle "EXT 2022"]
[Source "ChessBase"]
[SourceDate "2021.10.06"]
[SourceVersion "1"]
[SourceVersionDate "2021.10.06"]
[SourceQuality "1"]
[WhiteTeam "Karlovy Vary Tietz"]
[BlackTeam "Sokolov"]
[WhiteTeamCountry "CZE"]
[BlackTeamCountry "CZE"]

1. c4 Nf6 2. Nc3 e5 3. g3 d5 4. cxd5 Nxd5 5. Bg2 Be6 6. Nf3 Nc6 7. d3 Be7 8. a3 a5 9. Bd2 0-0 10. Rc1 Nxc3 11. Bxc3 f6 12. 0-0 a4 13. Nd2 Bd5 14. Bxd5+ Qxd5 15. Nc4 Rfd8 16. Ne3 Qe6 17. Nc2 f5 18. Nb4 Na5 19. Qe1 Nb3 20. Rd1 Rd7 21. Nc2 Rad8 22. Rb1 b6 23. Na1 c5 24. Nxb3 axb3 25. Qc1 Bf6 26. Qe3 Re8 27. f3 h6 28. Rbd1 Bg5 29. Qf2 Red8 30. Rb1 e4 31. h4 e3 32. Qg2 Bf6 33. Bxf6 Qxf6 34. Rfc1 f4 35. gxf4 Qxh4 36. Qh2 Qf6 37. Rc3 Qf7 38. Rc4 Rd4 39. Rbc1 Rxc4 40. Rxc4 Rd4 41. Qh4 Rxc4 42. dxc4 Qxc4 43. Qe7 Qxf4 44. Qd8+ Qf8 45. Qd5+ Qf7 46. Qd8+ Kh7 47. Qd3+ Qg6+ 48. Kf1 Qxd3 49. exd3 h5 50. Ke2 Kg6 51. Kxe3 Kf5 52. a4 h4 0-1

[Event "Klatovy op-A 23rd"]
[Site "Klatovy"]
[Date "2017.07.07"]
[Round "7"]
[White "Kohout, Josef"]
[Black "Hlavac, Rudolf"]
[Result "1/2-1/2"]
[WhiteElo "1896"]
[BlackElo "2031"]
[PlyCount "104"]
[EventDate "2017.07.01"]
[EventType "swiss"]
[EventRounds "9"]
[EventCountry "CZE"]
[SourceTitle "EXT 2018"]
[Source "ChessBase"]
[SourceDate "2017.10.13"]
[SourceVersion "1"]
[SourceVersionDate "2017.10.13"]
[SourceQuality "1"]

1. e4 c5 2. Nf3 Nc6 3. c4 g6 4. d4 cxd4 5. Nxd4 Bg7 6. Nf3 Nf6 7. Nc3 0-0 8. Be2 d6 9. 0-0 a6 10. a3 Bd7 11. Rb1 Rc8 12. h3 Na5 13. b3 b5 14. Nd2 e6 15. Bb2 Qb6 16. Nf3 Nh5 17. e5 Nb7 18. Ne4 Nf4 19. Re1 Nxe2+ 20. Rxe2 Bc6 21. Nxd6 Rcd8 22. Rd2 Bxf3 23. gxf3 Nxd6 24. exd6 Bxb2 25. Rbxb2 Rd7 26. Rbc2 Qc5 27. f4 bxc4 28. bxc4 Rc8 29. Rc3 Rc6 30. Qf3 Rdxd6 31. Rxd6 Rxd6 32. Qe3 Rc6 33. Qe5 Qxe5 34. fxe5 Rc5 35. f4 Kf8 36. Kf2 Ke7 37. Ke3 Kd7 38. Kd4 Rc8 39. Rb3 Kc6 40. c5 Rd8+ 41. Kc4 Rd1 42. Rb6+ Kc7 43. Rxa6 Rc1+ 44. Kb4 Rb1+ 45. Ka4 Rh1 46. Kb5 Rb1+ 47. Ka5 Rb3 48. a4 Rxh3 49. Kb4 Rh1 50. Kb5 Rb1+ 51. Kc4 Rc1+ 52. Kb5 Rb1+ 1/2-1/2